Sportowcy z Bośni i Hercegowiny - nagła śmierć - Statystyki

Ogólne statystyki
  • Ten quiz został rozwiązany 56 razy
  • Średni wynik to 5 z 13
Answers on the Grid
Answers color-coded by a green-red scale on the quiz's grid according to % correct below.
Edin Džeko
Mario Mandžukić
Nikola Jokić
Miralem Pjanić
Aleksandar Mitrović
Vedad Ibišević
Asmir Begović
Nemanja Vidić
Miroslav Radović
Jusuf Nurkić
Tadej Pogačar
Semir Štilić
Jan Oblak
Ana Ivanović
Džanan Musa
Ivan Đurđević
Sandra Perković
Hasan Salihamidžić
Jasmin Burić
Elseid Hysaj
Larisa Cerić
Stevan Jovetić
Adnan Kovačević
Amel Tuka
Goran Pandev
Hristo Stoichkov
Lana Pudar
Giannis Antetokounmpo
 
Statystyki odpowiedzi
Odpowiedź % Poprawnych
Edin Džeko
98%
Miralem Pjanić
74%
Asmir Begović
49%
Vedad Ibišević
47%
Hasan Salihamidžić
40%
Semir Štilić
40%
Jasmin Burić
38%
Jusuf Nurkić
36%
Adnan Kovačević
26%
Džanan Musa
26%
Amel Tuka
19%
Lana Pudar
19%
Larisa Cerić
19%
Nie znaleziono quizów pasujących do podanych kryteriów
Rozkład punktacji
Procent ludzi z każdym wynikiem
Percentyl według liczby udzielonych odpowiedzi
Twoja historia wyników
Nie rozwiązałeś tego quizu